Pokémon - Les attaques de Hippodocus - Statistiques

Statistiques générales
  • Ce quiz a été pris 21 fois
    13 depuis la dernière actualisation
  • Le résultat moyen est 16 sur 18
Statistiques - réponses
Niveaux Types Noms des attaques % Correct
Niveau 56 Sol Abîme
100%
Départ Normal Charge
100%
Départ Électrique Crocs Éclair
100%
Départ Feu Crocs Feu
100%
Départ Glace Crocs Givre
100%
Niveau 50 Normal Damoclès
100%
Niveau 20 Ténèbres Mâchouille
100%
Départ Ténèbres Morsure
100%
Niveau 44 Sol Séisme
100%
Niveau 12 Sol Tourbi-Sable
100%
Départ Sol Jet de Sable
89%
Niveau 28 Normal Bélier
78%
Niveau 62 Normal Paresse
78%
Niveau 38 Psy Repos
78%
Niveau 24 Roche Tempête de Sable
78%
Niveau 16 Sol Tunnel
78%
Départ Normal Bâillement
44%
Niveau 32 Normal Hurlement
33%
Aucun quiz correspondant
Distribution des résultats
% des personnes avec chaque résultat
Percentile par nombre de réponses
Votre historique - résultats
Vous n’avez pas pris ce quiz depuis la dernière actualisation